[Event "EU-ch Seniors 06th"]
[Site "Davos"]
[Date "2006.08.13"]
[Round "9"]
[White "Muehlig Versen, Peter"]
[Black "Schoerghuber, Barbara"]
[Result "1-0"]
[WhiteElo "2057"]
[BlackElo "1538"]
[PlyCount "75"]
[EventDate "2006.08.05"]
[EventType "swiss"]
[EventRounds "9"]
[EventCountry "SUI"]
[SourceTitle "CBM 113 Extra"]
[Source "ChessBase"]
[SourceDate "2006.09.14"]
[SourceVersion "1"]
[SourceVersionDate "2006.09.14"]
[SourceQuality "1"]

1. d4 d5 2. Nf3 c6 3. g3 Nf6 4. Bg2 Nbd7 5. 0-0 e6 6. b3 Be7 7. Bb2 Ne4 8. c4 0-0 9. Nbd2 f5 10. Qc2 Bg5 11. Ba3 Rf7 12. Nxg5 Nxg5 13. Bd6 Ne4 14. Nxe4 dxe4 15. f3 exf3 16. exf3 Nf6 17. Be5 g5 18. Rad1 Qf8 19. Qd2 h6 20. Rfe1 Nd7 21. f4 Nxe5 22. Rxe5 Bd7 23. fxg5 hxg5 24. Qxg5+ Rg7 25. Qh6 Re8 26. Rf1 Ree7 27. Qe3 Qe8 28. Re1 Rg6 29. Rxf5 exf5 30. Qxe7 Qc8 31. Re5 Rg7 32. Qd6 Be8 33. d5 Rg6 34. Qe7 Bf7 35. Bh3 cxd5 36. Bxf5 Qc6 37. Bxg6 Bxg6 38. Re6 1-0

[Event "Bayern-ch Seniors 14th"]
[Site "Schloss Schney"]
[Date "2002.06.08"]
[Round "9"]
[White "Muehlig Versen, Peter"]
[Black "Wimmer, Herbert"]
[Result "1/2-1/2"]
[WhiteElo "2029"]
[BlackElo "2146"]
[PlyCount "91"]
[EventDate "2002.05.31"]
[EventType "swiss"]
[EventRounds "9"]
[EventCountry "GER"]
[SourceTitle "EXT 2003"]
[Source "ChessBase"]
[SourceDate "2002.11.25"]
[SourceVersion "1"]
[SourceVersionDate "2002.11.25"]
[SourceQuality "1"]

1. d4 c5 2. e3 e6 3. Nf3 Nf6 4. Bd3 d5 5. c3 b6 6. Ne5 Be7 7. 0-0 0-0 8. Nd2 Bb7 9. f4 Ne4 10. Qg4 f5 11. Qe2 Nd7 12. Nxd7 Qxd7 13. Nf3 Rf6 14. Bd2 Bd6 15. b4 c4 16. Bxe4 dxe4 17. Ne5 Qc7 18. a4 Bd5 19. a5 b5 20. Be1 Rh6 21. Bg3 a6 22. Kf2 Qe7 23. Rab1 Qe8 24. Ke1 Kf8 25. Kd2 Be7 26. Qf2 Bf6 27. Rh1 Ke7 28. Rbf1 Kd6 29. Qe2 Qe7 30. Be1 Rg8 31. g4 fxg4 32. Nxg4 Rh3 33. Qg2 Rh5 34. Nxf6 Qxf6 35. Qg4 Qf5 36. Rfg1 Bc6 37. Qxf5 exf5 38. Rg5 Be8 39. Rxh5 Bxh5 40. Rg1 h6 41. Bh4 Bg4 42. h3 Bh5 43. Bf6 g6 44. h4 Ke6 45. Be5 Bg4 46. Rh1 1/2-1/2

[Event "Bayern-ch Seniors 14th"]
[Site "Schloss Schney"]
[Date "2002.06.05"]
[Round "5"]
[White "Muehlig Versen, Peter"]
[Black "Reer, Erdmann"]
[Result "1/2-1/2"]
[WhiteElo "2029"]
[BlackElo "2039"]
[PlyCount "39"]
[EventDate "2002.05.31"]
[EventType "swiss"]
[EventRounds "9"]
[EventCountry "GER"]
[SourceTitle "EXT 2003"]
[Source "ChessBase"]
[SourceDate "2002.11.25"]
[SourceVersion "1"]
[SourceVersionDate "2002.11.25"]
[SourceQuality "1"]

1. d4 d5 2. Nf3 Nf6 3. Bg5 c6 4. c3 h6 5. Bh4 Qb6 6. Qb3 Qxb3 7. axb3 Bf5 8. Nbd2 Nbd7 9. e3 e6 10. Be2 Be7 11. 0-0 Ne4 12. Bxe7 Kxe7 13. Nxe4 Bxe4 14. Nd2 Bg6 15. b4 a6 16. Nb3 Kd6 17. h3 Kc7 18. Rfc1 Rhe8 19. Re1 f6 20. Bg4 1/2-1/2